000 00833nam a2200253Ia 4500
003 OSt
005 20220927105324.0
006 a|||||r|||| 00| 0
007 ta
008 220926b |||||||| |||| 00| 0 eng d
024 _a176488
037 _cReference Collections
040 _aRTL
_cRTL
_beng
041 _2eng
_aeng
082 _a"X:1Og991.281, P9/TH"
100 _aBansal Dipika
_9371685
245 0 _aGlobalisation and its implication for consumer culture
_b An empirical survey of consumers in Delhi
260 _aDelhi
_bUniversity of Delhi
_c2009
300 _a"vi, 114p"
_ccm.
490 _a"University of Delhi, Commerce (Deptt. of-), Dissertation"
500 _aBibliography: P 99-114
942 _h"X:1Og991.281, P9/TH"
_cCC
999 _c691835
_d691835